[Event "Timisoara Foisor Memorial Rapid"]
[Site "Timisoara"]
[Date "2023.08.05"]
[Round "4"]
[White "Robert, Yoann"]
[Black "Pasti, Aron"]
[Result "0-1"]
[WhiteElo "2082"]
[BlackElo "2354"]
[PlyCount "78"]
[EventDate "2023.08.05"]
[EventType "swiss (rapid)"]
[EventRounds "10"]
[EventCountry "ROU"]
[SourceTitle "CBM 215 Extra"]
[Source "ChessBase"]
[SourceDate "2023.09.30"]
[SourceVersion "1"]
[SourceVersionDate "2023.09.30"]
[SourceQuality "1"]

1. d4 Nf6 2. c4 e6 3. g4 d5 4. g5 Ne4 5. Bg2 Bb4+ 6. Kf1 c5 7. a3 Ba5 8. dxc5 0-0 9. b4 Bc7 10. Bxe4 dxe4 11. Qxd8 Rxd8 12. Nd2 a5 13. b5 e5 14. Nxe4 Bf5 15. Ng3 Be6 16. Be3 Rc8 17. Rc1 Nd7 18. Kg2 Bd8 19. Ne4 Be7 20. Nf3 Nxc5 21. Bxc5 Bxc5 22. Nxe5 Bxa3 23. Rc2 Bf5 24. f3 Re8 25. Ra1 Rxe5 26. Rxa3 Rxe4 27. Kf2 Re5 28. e4 Be6 29. c5 Rxg5 30. Ke3 Kf8 31. f4 Rh5 32. Kd4 Rd8+ 33. Kc3 Rh3+ 34. Kb2 Rxa3 35. Kxa3 Rd3+ 36. Kb2 a4 37. f5 a3+ 38. Kc1 a2 39. Kb2 Rd1 0-1

[Event "FRA-ch U16"]
[Site "Agen"]
[Date "2021.10.29"]
[Round "7"]
[White "Robert, Yoann"]
[Black "Lamaze, Simon"]
[Result "0-1"]
[WhiteElo "2039"]
[BlackElo "2349"]
[PlyCount "116"]
[EventDate "2021.10.22"]
[EventType "swiss"]
[EventRounds "9"]
[EventCountry "FRA"]
[SourceTitle "EXT 2023"]
[Source "ChessBase"]
[SourceDate "2022.10.05"]
[SourceVersion "1"]
[SourceVersionDate "2022.10.05"]
[SourceQuality "1"]

1. b3 e5 2. Bb2 Nc6 3. e3 d5 4. Bb5 Nge7 5. Bxe5 a6 6. Bxc6+ Nxc6 7. Bb2 Qg5 8. Kf1 Bg4 9. Nf3 Qh6 10. d4 0-0-0 11. Qd3 Bd6 12. Ne5 Bxe5 13. dxe5 Qe6 14. f4 Bf5 15. Qe2 f6 16. exf6 gxf6 17. Nd2 Rhe8 18. Kf2 d4 19. e4 Bxe4 20. Qxe4 Qxe4 21. Nxe4 Rxe4 22. Kf3 Rde8 23. Rad1 f5 24. Rd2 h5 25. Rhd1 Re3+ 26. Kf2 h4 27. Bxd4 Nxd4 28. Rxd4 Re2+ 29. Kf1 Rxc2 30. R1d2 Rxd2 31. Rxd2 Rd8 32. Rc2 Rd5 33. Kf2 Kd7 34. g3 h3 35. g4 fxg4 36. Kg3 c5 37. Kxg4 Ke6 38. Kxh3 Kf5 39. Kg3 Rd3+ 40. Kf2 b6 41. Ke2 Rh3 42. Kd1 Kxf4 43. Re2 b5 44. Re6 Rxh2 45. Rxa6 Ke3 46. Ra5 Kd3 47. Kc1 c4 48. bxc4 bxc4 49. Rd5+ Kc3 50. Rd1 Rxa2 51. Kb1 Rb2+ 52. Ka1 Rc2 53. Rh1 Kb3 54. Rb1+ Ka3 55. Rg1 Rd2 56. Kb1 Kb3 57. Kc1 Rh2 58. Kb1 c3 0-1

[Event "FRA-ch U18/14 Online"]
[Site "Europe Echecs INT"]
[Date "2020.07.11"]
[Round "6"]
[White "Bosc, Gabriel"]
[Black "Robert, Yoann"]
[Result "0-1"]
[WhiteElo "1994"]
[BlackElo "2071"]
[PlyCount "104"]
[EventDate "2020.07.11"]
[EventType "swiss (blitz)"]
[EventRounds "9"]
[EventCountry "FRA"]
[SourceTitle "EXT 2021"]
[Source "ChessBase"]
[SourceDate "2020.10.23"]
[SourceVersion "1"]
[SourceVersionDate "2020.10.23"]
[SourceQuality "1"]

1. f4 c5 2. e3 Nc6 3. b3 d6 4. Bb2 Nf6 5. Nf3 g6 6. Bd3 Bg7 7. a3 0-0 8. 0-0 Qc7 9. Nc3 a6 10. h3 e5 11. fxe5 dxe5 12. e4 Nd4 13. a4 b6 14. Ne2 Bb7 15. Ng3 Rad8 16. Bxd4 exd4 17. e5 Nd7 18. Be4 Nxe5 19. d3 Nd7 20. Bxb7 Qxb7 21. Ne4 Nf6 22. Nfg5 Nxe4 23. Nxe4 f5 24. Ng5 Rde8 25. Re1 Qc6 26. Qd2 Bf6 27. Qf4 Rxe1+ 28. Rxe1 Re8 29. Rxe8+ Qxe8 30. Nf3 Qc6 31. Qb8+ Kg7 32. Qa7+ Kh6 33. Qxa6 Bd8 34. Qc4 Qd6 35. Qf7 Bc7 36. h4 Qf4 37. Qf8+ Kh5 38. Qe7 Qc1+ 39. Ne1 Bf4 40. Qxh7+ Bh6 41. Qe7 Be3+ 42. Kh2 Qxe1 43. Qh7+ Bh6 44. g3 Qf2+ 45. Kh3 Qxc2 46. Qb7 Qf2 47. Qxb6 Qf1+ 48. Kh2 Be3 49. Qb7 Bg1+ 50. Kh1 Bf2+ 51. Kh2 Qg1+ 52. Kh3 Qxg3# 0-1

[Event "FRA-ch U18/14 Online"]
[Site "Europe Echecs INT"]
[Date "2020.07.11"]
[Round "7"]
[White "Robert, Yoann"]
[Black "Razafindratsima, Timothe"]
[Result "0-1"]
[WhiteElo "2071"]
[BlackElo "2336"]
[PlyCount "66"]
[EventDate "2020.07.11"]
[EventType "swiss (blitz)"]
[EventRounds "9"]
[EventCountry "FRA"]
[SourceTitle "EXT 2021"]
[Source "ChessBase"]
[SourceDate "2020.10.23"]
[SourceVersion "1"]
[SourceVersionDate "2020.10.23"]
[SourceQuality "1"]

1. b3 e5 2. Bb2 Nc6 3. e3 d5 4. Bb5 Bd6 5. f4 Qe7 6. Nf3 Bg4 7. fxe5 Bxe5 8. Bxe5 Bxf3 9. Qxf3 Qxe5 10. 0-0 Nf6 11. Bxc6+ bxc6 12. Nc3 0-0 13. Qf4 Qe7 14. Ne2 Ne4 15. d3 Nd6 16. Rf3 Rfe8 17. Raf1 a5 18. a4 c5 19. Qg4 f5 20. Qh5 d4 21. Nf4 dxe3 22. Nd5 Qe5 23. Nxe3 Qd4 24. Qg5 h6 25. Qg3 Rxe3 26. Rxe3 Re8 27. Rfe1 f4 28. c3 Qxe3+ 29. Rxe3 fxg3 30. Rxg3 Re2 31. d4 cxd4 32. cxd4 Ne4 33. Rf3 Re1+ 0-1

[Event "FRA-ch Blitz Online Qual"]
[Site "Europe Echecs INT"]
[Date "2020.05.16"]
[Round "15"]
[White "Robert, Yoann"]
[Black "Buffin, Jean"]
[Result "0-1"]
[WhiteElo "2071"]
[BlackElo "1711"]
[PlyCount "52"]
[EventDate "2020.05.16"]
[EventType "swiss (blitz)"]
[EventRounds "15"]
[EventCountry "FRA"]
[SourceTitle "CBM 196 Extra"]
[Source "ChessBase"]
[SourceDate "2020.07.31"]
[SourceVersion "1"]
[SourceVersionDate "2020.07.31"]
[SourceQuality "1"]

1. h4 e5 2. b3 d5 3. Bb2 Nc6 4. e3 Bd6 5. Bb5 Qe7 6. h5 h6 7. f4 Nf6 8. Bxc6+ bxc6 9. fxe5 Bxe5 10. Bxe5 Qxe5 11. Nc3 Qg3+ 12. Kf1 Ng4 13. Nh3 Nh2+ 14. Kg1 Bxh3 15. Rxh2 Bg4 16. Qe1 Qe5 17. Rh4 Bf5 18. d3 0-0 19. Qf2 Qxc3 20. Rf1 Be6 21. g4 Qe5 22. Qf3 Rae8 23. Rf2 Bd7 24. Re2 Qg5 25. Qg3 f5 26. Rhh2 f4 0-1

[Event "FRA-ch Blitz Online Qual"]
[Site "Europe Echecs INT"]
[Date "2020.05.16"]
[Round "13"]
[White "Robert, Yoann"]
[Black "Kirk, Ezra"]
[Result "0-1"]
[WhiteElo "2071"]
[BlackElo "2447"]
[PlyCount "164"]
[EventDate "2020.05.16"]
[EventType "swiss (blitz)"]
[EventRounds "15"]
[EventCountry "FRA"]
[SourceTitle "CBM 196 Extra"]
[Source "ChessBase"]
[SourceDate "2020.07.31"]
[SourceVersion "1"]
[SourceVersionDate "2020.07.31"]
[SourceQuality "1"]

1. d4 Nf6 2. Nf3 c5 3. d5 e6 4. c4 exd5 5. cxd5 d6 6. Nc3 g6 7. Bf4 a6 8. a4 Bg7 9. e3 0-0 10. h3 Re8 11. Nd2 Nh5 12. Bh2 f5 13. Be2 Nf6 14. Nc4 Bf8 15. 0-0 Qc7 16. Rc1 Nbd7 17. Bf3 Rb8 18. a5 b5 19. axb6 Nxb6 20. Na5 Bd7 21. Nc6 Bxc6 22. dxc6 Kh8 23. Nd5 Nbxd5 24. Bxd5 Rxb2 25. Rxc5 Rb5 26. Rxb5 axb5 27. Qd3 Qb6 28. Rb1 Rb8 29. Bf3 Qc5 30. Qd4 Qxd4 31. exd4 b4 32. Bf4 Ne8 33. Bd2 b3 34. Bd5 b2 35. Bc3 Nc7 36. Bf3 Rb3 37. Bxb2 d5 38. Ra1 Rxb2 39. Ra7 Bd6 40. Rb7 Rxb7 41. cxb7 Nb5 42. Bxd5 Nxd4 43. Kf1 Kg7 44. Ke1 Kf6 45. Kd2 Ke5 46. Bg8 h6 47. Bh7 g5 48. g3 Ne6 49. Bg8 Nc5 50. b8Q Bxb8 51. Ke2 Bd6 52. Bc4 Ne4 53. Bb3 Bc5 54. f4+ gxf4 55. gxf4+ Kxf4 56. Be6 h5 57. Kf1 h4 58. Kg2 Nc3 59. Bc8 Nd1 60. Bd7 Ne3+ 61. Kh2 Kf3 62. Bc6+ Kf2 63. Bd7 Bd6+ 64. Kh1 f4 65. Bc6 Nf1 66. Bd5 Ng3+ 67. Kh2 f3 68. Ba8 Ke2 69. Bc6 f2 70. Bb5+ Ke1 71. Kg2 f1Q+ 72. Bxf1 Nxf1 73. Kf3 Be7 74. Kg4 Ke2 75. Kh5 Kf3 76. Kg6 Kg3 77. Kf7 Kxh3 78. Kxe7 Kg3 79. Ke6 h3 80. Kd7 h2 81. Kc7 h1Q 82. Kd6 Qh5 0-1

[Event "FRA-ch Blitz Online Qual"]
[Site "Europe Echecs INT"]
[Date "2020.05.16"]
[Round "9"]
[White "Robert, Yoann"]
[Black "Luminais, Eric"]
[Result "0-1"]
[WhiteElo "2071"]
[BlackElo "2161"]
[PlyCount "76"]
[EventDate "2020.05.16"]
[EventType "swiss (blitz)"]
[EventRounds "15"]
[EventCountry "FRA"]
[SourceTitle "CBM 196 Extra"]
[Source "ChessBase"]
[SourceDate "2020.07.31"]
[SourceVersion "1"]
[SourceVersionDate "2020.07.31"]
[SourceQuality "1"]

1. d4 d5 2. Nf3 e6 3. c4 Nf6 4. Bg5 b6 5. Nc3 Bb7 6. cxd5 exd5 7. e3 Be7 8. Bd3 Nbd7 9. 0-0 0-0 10. Rc1 a6 11. Bb1 c5 12. Ne5 g6 13. Bh6 Re8 14. f4 b5 15. f5 b4 16. fxg6 fxg6 17. Na4 c4 18. Qc2 Nxe5 19. dxe5 Ng4 20. Bf4 Bf8 21. Qe2 Nxe5 22. Rfd1 Qa5 23. b3 Bg7 24. h4 h6 25. Rf1 Qb5 26. Bxe5 Rxe5 27. Qg4 g5 28. hxg5 Rxg5 29. Qe6+ Kh8 30. Rf5 Re8 31. Qf7 d4 32. Rxg5 Qxg5 33. e4 Rf8 34. Qf1 Qe3+ 35. Kh1 Bxe4 36. Bxe4 Qxe4 37. Rb1 Rxf1+ 38. Rxf1 c3 0-1

[Event "Sautron op 19th"]
[Site "Sautron"]
[Date "2019.10.19"]
[Round "1.19"]
[White "Garcion, Ilan"]
[Black "Robert, Yoann"]
[Result "0-1"]
[WhiteElo "1545"]
[BlackElo "2033"]
[PlyCount "46"]
[EventDate "2019.12.10"]
[EventType "swiss"]
[EventRounds "9"]
[EventCountry "FRA"]
[SourceTitle "EXT 2022"]
[Source "ChessBase"]
[SourceDate "2021.10.06"]
[SourceVersion "1"]
[SourceVersionDate "2021.10.06"]
[SourceQuality "1"]

1. d4 Nf6 2. c4 c5 3. d5 d6 4. Nc3 g6 5. e4 Bg7 6. Nf3 0-0 7. Be2 e6 8. 0-0 exd5 9. cxd5 Bg4 10. Qc2 Bxf3 11. Bxf3 Na6 12. Bf4 Nc7 13. Rfe1 b5 14. Bxd6 Qxd6 15. e5 Qb6 16. exf6 Qxf6 17. d6 Ne6 18. Bxa8 Rxa8 19. Nxb5 Rb8 20. Rxe6 Qxe6 21. Qxc5 Bxb2 22. Rd1 Qe2 23. Rb1 Rxb5 0-1

[Event "Sautron op 19th"]
[Site "Sautron"]
[Date "2019.10.19"]
[Round "6.12"]
[White "Robert, Yoann"]
[Black "Boulart, Emilie"]
[Result "1-0"]
[WhiteElo "2033"]
[BlackElo "1793"]
[PlyCount "71"]
[EventDate "2019.12.10"]
[EventType "swiss"]
[EventRounds "9"]
[EventCountry "FRA"]
[SourceTitle "EXT 2022"]
[Source "ChessBase"]
[SourceDate "2021.10.06"]
[SourceVersion "1"]
[SourceVersionDate "2021.10.06"]
[SourceQuality "1"]

1. b3 e5 2. Bb2 Nc6 3. e3 d5 4. Bb5 Bd6 5. f4 Qe7 6. Nf3 Bg4 7. fxe5 Bxe5 8. Bxc6+ bxc6 9. Bxe5 Bxf3 10. Qxf3 Qxe5 11. 0-0 Nf6 12. Nc3 0-0 13. Qf4 Rfe8 14. Qxe5 Rxe5 15. Rf4 c5 16. Raf1 c6 17. Ra4 a5 18. Rff4 Nd7 19. Ra3 f6 20. Rfa4 d4 21. exd4 Re1+ 22. Kf2 Rc1 23. dxc5 Rxc2 24. Ke2 Nxc5 25. Kd1 Rb2 26. Rc4 Rd8 27. Rxc5 Rdxd2+ 28. Ke1 Rxg2 29. Rf5 Rbc2 30. Nd1 Rc1 31. Rf1 Rxh2 32. Rxa5 Ra1 33. a4 Rh3 34. Ra8+ Kf7 35. Rb8 Rb1 36. Kd2 1-0

[Event "Sautron op 19th"]
[Site "Sautron"]
[Date "2019.10.19"]
[Round "4.15"]
[White "Robert, Yoann"]
[Black "Poupard, Alexandre"]
[Result "1-0"]
[WhiteElo "2033"]
[BlackElo "1862"]
[PlyCount "35"]
[EventDate "2019.12.10"]
[EventType "swiss"]
[EventRounds "9"]
[EventCountry "FRA"]
[SourceTitle "EXT 2022"]
[Source "ChessBase"]
[SourceDate "2021.10.06"]
[SourceVersion "1"]
[SourceVersionDate "2021.10.06"]
[SourceQuality "1"]

1. b3 d5 2. Bb2 c5 3. e3 Bf5 4. Nf3 e6 5. Bb5+ Nc6 6. 0-0 Nge7 7. d4 a6 8. Bxc6+ Nxc6 9. c4 dxc4 10. bxc4 Qb6 11. Qe2 Nb4 12. e4 Bg4 13. a3 Nd3 14. Qxd3 Qxb2 15. Nc3 Bxf3 16. gxf3 cxd4 17. Na4 Qxa1 18. Rxa1 1-0

[Event "Sautron op 18th"]
[Site "Sautron "]
[Date "2018.10.20"]
[Round "3.16"]
[White "Bujisho, Benjamin"]
[Black "Robert, Yoann"]
[Result "1-0"]
[WhiteElo "2333"]
[BlackElo "1774"]
[PlyCount "113"]
[EventDate "2018.10.20"]
[EventType "swiss"]
[EventRounds "9"]
[EventCountry "FRA"]
[SourceTitle "EXT 2021"]
[Source "ChessBase"]
[SourceDate "2020.10.23"]
[SourceVersion "1"]
[SourceVersionDate "2020.10.23"]
[SourceQuality "1"]

1. b3 c5 2. Bb2 Nc6 3. e3 Nf6 4. Nf3 g6 5. Bxf6 exf6 6. d4 Bg7 7. c3 cxd4 8. Nxd4 0-0 9. Be2 f5 10. g3 Nxd4 11. cxd4 d5 12. 0-0 f4 13. gxf4 Bh3 14. Re1 Qh4 15. Bf3 g5 16. f5 Bxf5 17. Nd2 Be6 18. Bg2 g4 19. Nf1 f5 20. Rc1 Rfc8 21. Rxc8+ Rxc8 22. Qd2 Qe7 23. Rc1 Rxc1 24. Qxc1 Qd7 25. Ng3 Kf7 26. Bf1 Bf8 27. Bd3 Bd6 28. Qc2 Bxg3 29. hxg3 Qc8 30. Qd2 h5 31. Kg2 Qc6 32. Qa5 Qb6 33. Qe1 Qc6 34. b4 a6 35. Qh1 Kg6 36. Qh4 Qc3 37. Qe7 Qxd3 38. Qxe6+ Kg7 39. Qe7+ Kg6 40. Qxb7 Qe4+ 41. Kh2 h4 42. Qxa6+ Kh5 43. gxh4 g3+ 44. Kg1 Qb1+ 45. Qf1 gxf2+ 46. Kxf2 Qxb4 47. Kg3 Kg6 48. Qf4 Qe1+ 49. Kg2 Qd2+ 50. Kh3 Qxa2 51. Qg5+ Kh7 52. Qxf5+ Kg8 53. Kg3 Qb3 54. Kf4 Qc4 55. h5 Qc7+ 56. Kg4 Qc6 57. Qg6+ 1-0

[Event "Sautron op 16th"]
[Site "Sautron"]
[Date "2016.10.29"]
[Round "9.37"]
[White "Gayon, Benoit"]
[Black "Robert, Yoann"]
[Result "1/2-1/2"]
[WhiteElo "1888"]
[BlackElo "1673"]
[PlyCount "38"]
[EventDate "2016.10.22"]
[EventType "swiss"]
[EventRounds "9"]
[EventCountry "FRA"]
[SourceTitle "EXT 2019"]
[Source "ChessBase"]
[SourceDate "2018.10.10"]
[SourceVersion "1"]
[SourceVersionDate "2018.10.10"]
[SourceQuality "1"]

1. e4 c5 2. Nf3 Nc6 3. d4 cxd4 4. Nxd4 Nf6 5. Nc3 e5 6. Ndb5 h6 7. Nd6+ Bxd6 8. Qxd6 Qe7 9. Qxe7+ Kxe7 10. Be3 d6 11. f3 Be6 12. 0-0-0 Rac8 13. a3 a6 14. Be2 b5 15. Nd5+ Bxd5 16. exd5 Na5 17. Kb1 Nc4 18. Bf2 Rc7 19. Rhe1 Kd7 1/2-1/2

[Event "FRA-chT U20"]
[Site "Lille"]
[Date "2013.12.08"]
[Round "3.8"]
[White "Robert, Yoann"]
[Black "Guilbert, Alexandre"]
[Result "1-0"]
[WhiteElo "1260"]
[BlackElo "1009"]
[PlyCount "111"]
[EventDate "2013.12.07"]
[EventType "team-match"]
[EventRounds "5"]
[EventCountry "FRA"]
[SourceTitle "EXT 2015"]
[Source "ChessBase"]
[SourceDate "2014.11.20"]
[SourceVersion "1"]
[SourceVersionDate "2014.11.20"]
[SourceQuality "1"]

1. d4 d5 2. c4 e6 3. Nc3 Nf6 4. Bg5 Be7 5. e3 0-0 6. Nf3 Nc6 7. Rc1 Bd7 8. Bd3 Nb4 9. Be2 Qe8 10. Ne5 Ne4 11. Bxe7 Qxe7 12. Nxe4 dxe4 13. Nxd7 Qxd7 14. a3 Nc6 15. 0-0 Rfd8 16. Qc2 e5 17. d5 Ne7 18. Qxe4 Qf5 19. Qxf5 Nxf5 20. h3 a6 21. Rfd1 Rac8 22. Bg4 g6 23. e4 Ne7 24. Bxc8 Rxc8 25. d6 cxd6 26. Rxd6 Nc6 27. Rd7 Rd8 28. Rxd8+ Nxd8 29. Rd1 Nc6 30. Kh2 Nd4 31. f4 Nc6 32. Kg3 f5 33. fxe5 Nxe5 34. exf5 gxf5 35. Rc1 Kf7 36. Kh2 Nd3 37. Rc2 Ne1 38. Rf2 Kf6 39. g4 Nd3 40. Rxf5+ Kg6 41. b4 Nb2 42. c5 Nc4 43. a4 h6 44. Rd5 Ne3 45. Rd7 Kf6 46. Rxb7 Nf1+ 47. Kg1 Ng3 48. c6 Ne2+ 49. Kf2 Nf4 50. c7 Nxh3+ 51. Kg3 Ng5 52. c8Q Ne4+ 53. Kg2 Ng5 54. Rb6+ Ke5 55. Qc4 Ne6 56. Rxe6# 1-0